[Event "Oberliga NRW 0910"]
[Site "Germany"]
[Date "2010.03.21"]
[Round "8.6"]
[White "Vogelmann, Peter"]
[Black "Kamp, Christoph"]
[Result "1-0"]
[WhiteElo "2264"]
[BlackElo "2268"]
[PlyCount "127"]
[EventDate "2009.09.20"]
[EventType "team-tourn"]
[EventRounds "9"]
[EventCountry "GER"]
[SourceTitle "EXT 2011"]
[Source "ChessBase"]
[SourceDate "2010.11.26"]
[SourceVersion "1"]
[SourceVersionDate "2010.11.26"]
[SourceQuality "1"]
[WhiteTeam "Monheim"]
[BlackTeam "Muenster"]
[WhiteTeamCountry "GER"]
[BlackTeamCountry "GER"]

1. e4 e6 2. Nf3 d5 3. Nc3 Nf6 4. e5 Nfd7 5. d4 c5 6. dxc5 Nc6 7. Bf4 Bxc5 8. Bd3 f6 9. exf6 Nxf6 10. 0-0 0-0 11. Ne5 a6 12. Nxc6 bxc6 13. Qe2 a5 14. Be5 Be7 15. Rad1 Bd7 16. h3 c5 17. b3 Qb6 18. Kh2 Rf7 19. f4 Re8 20. a4 Bd6 21. Nb5 Bxb5 22. axb5 Ref8 23. c4 d4 24. Rf3 Bxe5 25. Qxe5 Nd7 26. Qe4 Nf6 27. Qe1 Nd7 28. Qh4 g6 29. Re1 Qd6 30. Qg3 Nf6 31. Qg5 Nd7 32. g3 Rf6 33. Rff1 Kg7 34. Kg2 R8f7 35. Re2 Qc7 36. Rfe1 Qd6 37. Qg4 Re7 38. Re5 Nf8 39. h4 Ref7 40. h5 Kg8 41. hxg6 hxg6 42. Rg5 Rg7 43. Ree5 Nh7 44. Rxg6 Rfxg6 45. Bxg6 Nf8 46. Rg5 Qe7 47. Be4 Rxg5 48. fxg5 Qd6 49. Qf4 Qxf4 50. gxf4 Nd7 51. Kf3 Nb6 52. Bd3 Kf7 53. Ke4 Nd7 54. Be2 Ke7 55. Bg4 Nb6 56. Be2 a4 57. bxa4 Nxa4 58. f5 exf5+ 59. Kxf5 Kf7 60. Ke5 Kg6 61. Kd6 Kxg5 62. Kc6 Kf4 63. b6 Ke3 64. Bh5 1-0

[Event "Oberliga NRW 0910"]
[Site "Germany"]
[Date "2010.02.21"]
[Round "7.6"]
[White "Bayer, Ernst Wolfgang"]
[Black "Vogelmann, Peter"]
[Result "1-0"]
[WhiteElo "2286"]
[BlackElo "2264"]
[PlyCount "121"]
[EventDate "2009.09.20"]
[EventType "team-tourn"]
[EventRounds "9"]
[EventCountry "GER"]
[SourceTitle "EXT 2011"]
[Source "ChessBase"]
[SourceDate "2010.11.26"]
[SourceVersion "1"]
[SourceVersionDate "2010.11.26"]
[SourceQuality "1"]
[WhiteTeam "Koeln SF"]
[BlackTeam "Monheim"]
[WhiteTeamCountry "GER"]
[BlackTeamCountry "GER"]

1. Nf3 Nf6 2. g3 g6 3. b3 Bg7 4. Bb2 0-0 5. Bg2 c5 6. 0-0 Nc6 7. d4 cxd4 8. Nxd4 a6 9. c4 Nxd4 10. Bxd4 d6 11. Nc3 Qc7 12. Bxf6 exf6 13. Nd5 Qd8 14. Rc1 Be6 15. Rc2 Re8 16. e3 Rb8 17. Rd2 Bxd5 18. Rxd5 Bf8 19. Qf3 Re5 20. Rfd1 Rxd5 21. Rxd5 Qe7 22. Qd1 b6 23. Qd3 Rc8 24. b4 Qc7 25. Bf1 Re8 26. Qa3 Qa7 27. Qa4 Re5 28. Bg2 a5 29. a3 Qc7 30. Qb5 axb4 31. axb4 Kg7 32. Qa6 Be7 33. Bf3 Bf8 34. Kg2 Be7 35. Qa2 Bf8 36. Qb3 Be7 37. Qd3 Bf8 38. Rd4 Re8 39. Bd5 Re7 40. Qa3 h5 41. Rd2 h4 42. e4 Qd7 43. b5 Re5 44. h3 hxg3 45. fxg3 Qe7 46. Rf2 Qc7 47. Qf3 Be7 48. Ra2 Qc5 49. g4 Qd4 50. Ra7 Kf8 51. Ra8+ Kg7 52. Qf2 Rxe4 53. Qxd4 Rxd4 54. Re8 Bf8 55. Rb8 Be7 56. Rxb6 f5 57. gxf5 gxf5 58. Rb7 Kf6 59. b6 Rd2+ 60. Kf3 Rb2 61. Rb8 1-0

[Event "NRW Class1 0809"]
[Site "Germany"]
[Date "2009.02.01"]
[Round "6.6"]
[White "Wagenknecht, Uwe"]
[Black "Vogelmann, Peter"]
[Result "0-1"]
[WhiteElo "2185"]
[BlackElo "2263"]
[PlyCount "70"]
[EventDate "2008.09.21"]
[EventType "team-tourn"]
[EventRounds "9"]
[EventCountry "GER"]
[SourceTitle "EXT 2010"]
[Source "ChessBase"]
[SourceDate "2010.11.25"]
[SourceVersion "1"]
[SourceVersionDate "2010.11.25"]
[SourceQuality "1"]
[WhiteTeam "Bielefeld"]
[BlackTeam "Monheim"]
[WhiteTeamCountry "GER"]
[BlackTeamCountry "GER"]

1. Nf3 Nf6 2. g3 g6 3. Bg2 Bg7 4. c4 c5 5. Nc3 d5 6. cxd5 Nxd5 7. Qa4+ Bd7 8. Qc4 Nxc3 9. bxc3 Qb6 10. Ba3 Na6 11. 0-0 0-0 12. Rab1 Qc7 13. d4 Be6 14. d5 Bc8 15. Ng5 Qa5 16. Rb3 Rb8 17. Qd3 b5 18. c4 bxc4 19. Qxc4 Nb4 20. Ne4 Bd4 21. Bxb4 Rxb4 22. Rxb4 Qxb4 23. Rc1 Qxc4 24. Rxc4 Ba6 25. Ra4 Bxe2 26. Rxa7 Rb8 27. Bf1 Rb1 28. Nd2 Rd1 29. Rxe7 Bd3 30. d6 Kf8 31. Ra7 Rxd2 32. Ra8+ Kg7 33. d7 Bxf2+ 34. Kg2 Be4+ 35. Kh3 Bxa8 0-1

[Event "NRW Class1 0809"]
[Site "Germany"]
[Date "2008.10.12"]
[Round "2.5"]
[White "Vogelmann, Peter"]
[Black "Straub, Natalia"]
[Result "1-0"]
[WhiteElo "2263"]
[BlackElo "2271"]
[PlyCount "77"]
[EventDate "2008.09.21"]
[EventType "team-tourn"]
[EventRounds "9"]
[EventCountry "GER"]
[SourceTitle "EXT 2010"]
[Source "ChessBase"]
[SourceDate "2010.11.25"]
[SourceVersion "1"]
[SourceVersionDate "2010.11.25"]
[SourceQuality "1"]
[WhiteTeam "Monheim"]
[BlackTeam "Duesseldorf"]
[WhiteTeamCountry "GER"]
[BlackTeamCountry "GER"]

1. e4 e6 2. Nf3 d5 3. Nc3 dxe4 4. Nxe4 Nd7 5. d4 Ngf6 6. Bg5 h6 7. Nxf6+ Nxf6 8. Bh4 c5 9. c3 a6 10. Bd3 Be7 11. 0-0 cxd4 12. Nxd4 Qd5 13. Re1 Qh5 14. Nf3 Qc5 15. Qe2 b6 16. Rad1 Bb7 17. Ne5 Qc8 18. Bc2 g5 19. Bg3 h5 20. h3 Nd5 21. Qf3 Nf6 22. Qd3 Rg8 23. b4 h4 24. Bh2 Kf8 25. Bb3 Nd5 26. Qh7 Rg7 27. Qh8+ Rg8 28. Qh6+ Rg7 29. c4 Nf6 30. c5 Bd5 31. Bxd5 Nxd5 32. c6 Kg8 33. Qh5 Rh7 34. Qg4 f5 35. Qf3 Nxb4 36. Qb3 a5 37. a3 a4 38. Qc4 Na6 39. Nd7 1-0

[Event "NRW Class2 0708"]
[Site "Germany"]
[Date "2007.12.09"]
[Round "4.6"]
[White "Vogelmann, Peter"]
[Black "Dahlmann, Dirk"]
[Result "1-0"]
[WhiteElo "2264"]
[BlackElo "2259"]
[PlyCount "89"]
[EventDate "2007.09.16"]
[EventType "team"]
[EventRounds "9"]
[EventCountry "GER"]
[SourceTitle "EXT 2009"]
[Source "ChessBase"]
[SourceDate "2008.11.26"]
[SourceVersion "1"]
[SourceVersionDate "2008.11.26"]
[SourceQuality "1"]
[WhiteTeam "Monheim"]
[BlackTeam "Bochum II"]
[WhiteTeamCountry "GER"]
[BlackTeamCountry "GER"]

1. e4 c5 2. Nf3 d6 3. Bb5+ Bd7 4. Bxd7+ Qxd7 5. 0-0 Nc6 6. c3 d5 7. exd5 Qxd5 8. d4 e6 9. dxc5 Qxd1 10. Rxd1 Bxc5 11. Bf4 Nf6 12. Nbd2 Nh5 13. Bg3 Nxg3 14. hxg3 Ke7 15. Nb3 Bb6 16. Kf1 Rhd8 17. Ke2 h5 18. a4 a5 19. Rxd8 Rxd8 20. Rh1 g6 21. Rh4 f5 22. Rc4 e5 23. Rxc6 bxc6 24. Nxe5 Re8 25. Kf1 Ke6 26. Nxg6 Kd5 27. Nf4+ Kd6 28. Nd2 Rh8 29. Nf3 Bd8 30. Nd4 Bf6 31. Nxf5+ Kd7 32. Nd3 Ke6 33. Ne3 Bg5 34. Nc4 Bd8 35. b3 Bc7 36. Ke2 Kd5 37. Ne3+ Ke6 38. Nc5+ Ke7 39. Ne4 Ke6 40. Kd3 Rd8+ 41. Kc2 Ke5 42. Nc5 Re8 43. Kd3 Rd8+ 44. Kc4 Rd2 45. f4+ 1-0

[Event "NRW Class2 0607"]
[Site "Germany"]
[Date "2007.04.15"]
[Round "8.4"]
[White "Straub, Natalia"]
[Black "Vogelmann, Peter"]
[Result "0-1"]
[WhiteElo "2286"]
[BlackElo "2287"]
[PlyCount "96"]
[EventDate "2006.09.17"]
[EventType "team-tourn"]
[EventRounds "9"]
[EventCountry "GER"]
[SourceTitle "EXT 2008"]
[Source "ChessBase"]
[SourceDate "2007.11.25"]
[SourceVersion "1"]
[SourceVersionDate "2007.11.25"]
[SourceQuality "1"]
[WhiteTeam "Duesseldorf"]
[BlackTeam "Monheim"]
[WhiteTeamCountry "GER"]
[BlackTeamCountry "GER"]

1. d4 Nf6 2. c4 c5 3. d5 b5 4. cxb5 a6 5. bxa6 g6 6. Nc3 Bxa6 7. Nf3 d6 8. g3 Bg7 9. Bg2 0-0 10. 0-0 Nbd7 11. Rb1 Qa5 12. Bd2 Rfb8 13. Qc2 Ng4 14. b3 Qb6 15. h3 Nge5 16. Nh4 Nf6 17. Kh2 Ned7 18. f4 Qb4 19. Nd1 Qb5 20. Re1 Nh5 21. Nc3 Qb4 22. Nd1 Qb5 23. a4 Qb6 24. e4 Bc8 25. Ne3 Qd8 26. Nc4 Nb6 27. Na5 Bd7 28. Nc6 Bxc6 29. dxc6 Bd4 30. Re2 e5 31. Nf3 Qc7 32. fxe5 dxe5 33. Bc3 Bxc3 34. Qxc3 Nxa4 35. Qxe5 Qxe5 36. Nxe5 Nc3 37. Ree1 Nxb1 38. Rxb1 Rc8 39. Rc1 f6 40. Nc4 Rxc6 41. e5 Ra2 42. h4 Re6 43. Kh3 Re7 44. Bd5+ Kg7 45. e6 f5 46. Ne5 Nf6 47. Bc4 h5 48. b4 Rb2 0-1

[Event "NRW Class2 0607"]
[Site "Germany"]
[Date "2006.10.29"]
[Round "2.3"]
[White "Rotstein, Jefim"]
[Black "Vogelmann, Peter"]
[Result "1-0"]
[WhiteElo "2394"]
[BlackElo "2287"]
[PlyCount "73"]
[EventDate "2006.09.17"]
[EventType "team-tourn"]
[EventRounds "9"]
[EventCountry "GER"]
[SourceTitle "EXT 2007"]
[Source "ChessBase"]
[SourceDate "2006.11.23"]
[SourceVersion "1"]
[SourceVersionDate "2006.11.23"]
[SourceQuality "1"]
[WhiteTeam "Koeln Brueck"]
[BlackTeam "Monheim"]
[WhiteTeamCountry "GER"]
[BlackTeamCountry "GER"]

1. d4 Nf6 2. c4 c5 3. Nf3 cxd4 4. Nxd4 e5 5. Nb5 d5 6. cxd5 Bc5 7. N5c3 0-0 8. e3 e4 9. Nd2 Re8 10. a3 a6 11. Qc2 Bf5 12. b4 Ba7 13. Bb2 b5 14. Be2 Nbd7 15. Rd1 Rc8 16. Qb1 Nb6 17. 0-0 Qd6 18. Rfe1 Bb8 19. Nf1 Nc4 20. Bxc4 Rxc4 21. Ne2 Ng4 22. Nd4 Bd7 23. h3 Nh2 24. Ng3 Qg6 25. Kxh2 h5 26. f4 h4 27. Nh1 Qh5 28. Ne2 Rec8 29. Rd2 g5 30. d6 g4 31. hxg4 Qxg4 32. Ba1 h3 33. Ng1 Bxd6 34. Qb2 Bxf4+ 35. exf4 Qxf4+ 36. g3 Qxd2+ 37. Qxd2 1-0

[Event "NRW Class2 0607"]
[Site "Germany"]
[Date "2006.09.17"]
[Round "1.4"]
[White "Muhren, Bianca"]
[Black "Vogelmann, Peter"]
[Result "1-0"]
[WhiteElo "2295"]
[BlackElo "2287"]
[PlyCount "43"]
[EventDate "2006.09.17"]
[EventType "team-tourn"]
[EventRounds "9"]
[EventCountry "GER"]
[SourceTitle "EXT 2007"]
[Source "ChessBase"]
[SourceDate "2006.11.23"]
[SourceVersion "1"]
[SourceVersionDate "2006.11.23"]
[SourceQuality "1"]
[WhiteTeam "Castrop Rauxel"]
[BlackTeam "Monheim"]
[WhiteTeamCountry "GER"]
[BlackTeamCountry "GER"]

1. e4 e5 2. Nf3 d6 3. d4 Nf6 4. Nc3 Nbd7 5. g4 exd4 6. Nxd4 Ne5 7. g5 Nfd7 8. f4 Nc6 9. Be3 Nb6 10. Qf3 Be7 11. 0-0-0 0-0 12. h4 Re8 13. h5 Bf8 14. g6 fxg6 15. hxg6 h6 16. Rh5 a6 17. e5 Qe7 18. Nxc6 bxc6 19. Bxb6 cxb6 20. exd6 Qb7 21. f5 c5 22. Bc4+ 1-0

[Event "NRW Class1 0506"]
[Site "Germany"]
[Date "2006.05.07"]
[Round "9.4"]
[White "Vogelmann, Peter"]
[Black "Fuellbeck, Massimo"]
[Result "1/2-1/2"]
[WhiteElo "2272"]
[BlackElo "2116"]
[PlyCount "33"]
[EventDate "2005.09.25"]
[EventType "team"]
[EventRounds "9"]
[EventCountry "GER"]
[SourceTitle "EXT 2006"]
[Source "ChessBase"]
[SourceDate "2005.11.24"]
[SourceVersion "1"]
[SourceVersionDate "2005.11.24"]
[SourceQuality "1"]
[WhiteTeam "Monheim"]
[BlackTeam "Solingen III"]
[WhiteTeamCountry "GER"]
[BlackTeamCountry "GER"]

1. e4 c5 2. Nf3 d6 3. Bb5+ Bd7 4. Bxd7+ Nxd7 5. 0-0 g6 6. d4 cxd4 7. Nxd4 Ngf6 8. Re1 Bg7 9. c4 0-0 10. Nc3 Rc8 11. b3 a6 12. Bb2 Re8 13. Qd2 Qa5 14. Rad1 Ng4 15. Nd5 Qxd2 16. Rxd2 Nge5 17. Red1 1/2-1/2

[Event "NRW Class1 0506"]
[Site "Germany"]
[Date "2006.04.02"]
[Round "8.4"]
[White "Doebler, Bernd"]
[Black "Vogelmann, Peter"]
[Result "1/2-1/2"]
[WhiteElo "2129"]
[BlackElo "2272"]
[PlyCount "30"]
[EventDate "2005.09.25"]
[EventType "team"]
[EventRounds "9"]
[EventCountry "GER"]
[SourceTitle "EXT 2006"]
[Source "ChessBase"]
[SourceDate "2005.11.24"]
[SourceVersion "1"]
[SourceVersionDate "2005.11.24"]
[SourceQuality "1"]
[WhiteTeam "Duesseldorf II"]
[BlackTeam "Monheim"]
[WhiteTeamCountry "GER"]
[BlackTeamCountry "GER"]

1. d4 Nf6 2. Bg5 d5 3. Bxf6 exf6 4. e3 Bd6 5. g3 h5 6. h4 g6 7. c4 dxc4 8. Nc3 0-0 9. Bxc4 Nd7 10. Nge2 Nb6 11. Bd3 Re8 12. Qc2 f5 13. 0-0-0 c6 14. Nf4 Bxf4 15. gxf4 Nd5 1/2-1/2

[Event "NRW Class2 0405"]
[Site "Germany"]
[Date "2005.04.24"]
[Round "9.5"]
[White "Kruse, Herbert"]
[Black "Vogelmann, Peter"]
[Result "1/2-1/2"]
[WhiteElo "2241"]
[BlackElo "2270"]
[PlyCount "23"]
[EventDate "2004.10.10"]
[EventType "team"]
[EventRounds "9"]
[EventCountry "GER"]
[SourceTitle "EXT 2006"]
[Source "ChessBase"]
[SourceDate "2005.11.24"]
[SourceVersion "1"]
[SourceVersionDate "2005.11.24"]
[SourceQuality "1"]
[WhiteTeam "Bielefeld"]
[BlackTeam "Monheim"]
[WhiteTeamCountry "GER"]
[BlackTeamCountry "GER"]

1. e4 e5 2. Nf3 Nc6 3. Bb5 a6 4. Ba4 Nf6 5. 0-0 Be7 6. Re1 b5 7. Bb3 d6 8. c3 0-0 9. h3 Na5 10. Bc2 c5 11. d4 Nd7 12. Nbd2 1/2-1/2

[Event "NRW Class2 0405"]
[Site "Germany"]
[Date "2005.04.03"]
[Round "8.5"]
[White "Vogelmann, Peter"]
[Black "Preuschoff, Michael"]
[Result "1/2-1/2"]
[WhiteElo "2270"]
[BlackElo "2256"]
[PlyCount "100"]
[EventDate "2004.10.10"]
[EventType "team"]
[EventRounds "9"]
[EventCountry "GER"]
[SourceTitle "EXT 2006"]
[Source "ChessBase"]
[SourceDate "2005.11.24"]
[SourceVersion "1"]
[SourceVersionDate "2005.11.24"]
[SourceQuality "1"]
[WhiteTeam "Monheim"]
[BlackTeam "Duesseldorf"]
[WhiteTeamCountry "GER"]
[BlackTeamCountry "GER"]

1. e4 c5 2. Nf3 Nc6 3. c3 Nf6 4. e5 Nd5 5. d4 cxd4 6. Bc4 Nb6 7. Bb3 d5 8. exd6 exd6 9. Nxd4 Be7 10. 0-0 0-0 11. Re1 Bf6 12. Nb5 d5 13. Bf4 Be6 14. Nc7 Rc8 15. Rxe6 fxe6 16. Nxe6 Qd7 17. Nxf8 Rxf8 18. Be3 Kh8 19. Bxb6 axb6 20. Qxd5 Qe7 21. Na3 Qe2 22. Rf1 Qxb2 23. Nc4 Qxc3 24. Nd6 Nd8 25. Ne4 Qc6 26. Rd1 Be7 27. g3 h6 28. h4 Qg6 29. h5 Qg4 30. Bc2 Nc6 31. Qd7 Qxh5 32. Qxb7 Qb5 33. Kg2 Bc5 34. Bd3 Qa4 35. Rh1 Na5 36. Qd5 Qc6 37. Qxc6 Nxc6 38. Nxc5 bxc5 39. Rc1 Nb4 40. Bc4 Ra8 41. g4 Kh7 42. Bf7 Ra7 43. Be6 Ra5 44. Ra1 Kg6 45. a4 Kf6 46. Bb3 Nc6 47. Bc4 Ke5 48. Rc1 Kd4 49. Bb5 Ne5 50. Rd1+ Ke4 1/2-1/2